Financial performance analysis on Dhaka stock exchange (DSE) by stock categorization & anomalies detection (Record no. 45651)

000 -LEADER
fixed length control field 00534nam a22001697a 4500
001 - CONTROL NUMBER
control field 45651
003 - CONTROL NUMBER IDENTIFIER
control field BD-DhUET
008 - FIXED-LENGTH DATA ELEMENTS--GENERAL INFORMATION
fixed length control field 260418b xxu||||| |||| 00| 0 eng d
040 ## - CATALOGING SOURCE
Transcribing agency 0
Modifying agency BD-DhUET
100 ## - MAIN ENTRY--PERSONAL NAME
Personal name Nazia Hossain
245 ## - TITLE STATEMENT
Title Financial performance analysis on Dhaka stock exchange (DSE) by stock categorization & anomalies detection
260 ## - PUBLICATION, DISTRIBUTION, ETC. (IMPRINT)
Place of publication, distribution, etc. Dhaka
Name of publisher, distributor, etc. Department of Computer Science and Engineering, BUET
Date of publication, distribution, etc. 2025
300 ## - PHYSICAL DESCRIPTION
Extent xi,77p.
501 ## - WITH NOTE
With note One CD-ROM
504 ## - BIBLIOGRAPHY, ETC. NOTE
Bibliography, etc Includes bibliographies
942 ## - ADDED ENTRY ELEMENTS (KOHA)
Koha item type Thesis
Holdings
Koha item type Damaged status Sublocation or collection (holding branch) Price effective from Copy number Date acquired Source of classification or shelving scheme Withdrawn status Lost status Shelving location Piece designation (barcode) Location (home branch) Not for loan Koha date last seen
Thesis Central Library, BUET2026-04-1812026-04-05   Acquisition section121010Central Library, BUET 2026-04-18